|
|
|
|
| LEADER |
01162cas a2200217 4500 |
| 001 |
00021380 |
| 008 |
101104s2010 bg 000 0 ben |
| 040 |
|
|
|a BD-DhAAL
|c BD-DhAAL
|
| 082 |
0 |
0 |
|a 338.95492/005
|2 22
|
| 222 |
|
0 |
|a বাংলাদেশ উন্নয়ন সমীক্ষা
|
| 245 |
1 |
0 |
|a বাংলাদেশ উন্নয়ন সমীক্ষা
|
| 260 |
|
|
|a ঢাকা :
|b বাংলাদেশ উন্নয়ন গবেষণা প্রতিষ্ঠান,
|c 2010
|
| 362 |
0 |
|
|a সপ্তবিংশতিতম খন্ড,বার্ষিক সংখ্যা,১৪১৬
|
| 541 |
|
|
|e 00021380
|
| 650 |
|
0 |
|a Rural development
|z Bangladesh
|v Periodicals.
|
| 651 |
|
0 |
|a Bangladesh
|x Economic policy
|v Periodicals.
|
| 651 |
|
0 |
|a Bangladesh
|x Rural conditions
|v Periodicals.
|
| 710 |
1 |
|
|a বাংলাদেশ উন্নয়ন গবেষণা প্রতিষ্ঠান
|
| 852 |
4 |
|
|a Ayesha Abed Library
|j General shelf
|
| 999 |
|
|
|c 10030
|d 10030
|
| 952 |
|
|
|0 0
|1 4
|2 ddc
|4 0
|6 338_954920050000000_BAN
|7 0
|9 13071
|a BRACUL
|b BRACUL
|c GEN
|d 2010-11-04
|l 0
|o 338.95492005 BAN
|p 3010021380
|r 2010-11-04
|t 1
|w 2010-11-04
|y CR
|x Koha Inventory 2020
|